Paragraph writing : (Record no. 1464)
[ view plain ]
| 000 -LEADER | |
|---|---|
| fixed length control field | 00951cam a22002775a 4500 |
| 003 - CONTROL NUMBER IDENTIFIER | |
| control field | EG-ScBUE |
| 005 - DATE AND TIME OF LATEST TRANSACTION | |
| control field | 20200226102540.0 |
| 008 - FIXED-LENGTH DATA ELEMENTS--GENERAL INFORMATION | |
| fixed length control field | 190120s2005 enka f 000 0 eng d |
| 020 ## - INTERNATIONAL STANDARD BOOK NUMBER | |
| International Standard Book Number | 1405058455 |
| 020 ## - INTERNATIONAL STANDARD BOOK NUMBER | |
| International Standard Book Number | 9781405058452 |
| 040 ## - CATALOGING SOURCE | |
| Original cataloging agency | EG-ScBUE |
| Language of cataloging | eng |
| Description conventions | rda |
| Transcribing agency | EG-ScBUE |
| Modifying agency | EG-ScBUE |
| 082 04 - DEWEY DECIMAL CLASSIFICATION NUMBER | |
| Classification number | 808.042 |
| Item number | ZEM |
| Edition number | 22 |
| 100 1# - MAIN ENTRY--PERSONAL NAME | |
| Personal name | Zemach, Dorothy E., |
| Relator term | author. |
| 9 (RLIN) | 5667 |
| 245 10 - TITLE STATEMENT | |
| Title | Paragraph writing : |
| Statement of responsibility, etc | from sentence to paragraph / |
| Remainder of title | Dorothy E. Zemach, Carlos Islam. |
| 264 #1 - PUBLICATION, DISTRIBUTION, ETC. (IMPRINT) | |
| Place of publication, distribution, etc | Oxford : |
| Name of publisher, distributor, etc | Macmillan Education, |
| Date of publication, distribution, etc | 2005. |
| 300 ## - PHYSICAL DESCRIPTION | |
| Extent | v, 107 pages : |
| Other physical details | color illustrations ; |
| Dimensions | 28 cm |
| 336 ## - CONTENT TYPE | |
| Source | rdacontent |
| Content type term | text |
| Content type code | txt |
| 337 ## - MEDIA TYPE | |
| Source | rdamedia |
| Media type term | unmediated |
| Media type code | n |
| 338 ## - CARRIER TYPE | |
| Source | rdacarrier |
| Carrier type term | volume |
| Carrier type code | nc |
| 650 #7 - SUBJECT ADDED ENTRY--TOPICAL TERM | |
| Topical term or geographic name as entry element | English language |
| General subdivision | Composition and exercises. |
| Source of heading or term | BUEsh |
| 650 #7 - SUBJECT ADDED ENTRY--TOPICAL TERM | |
| Topical term or geographic name as entry element | English language |
| General subdivision | Paragraphs. |
| Source of heading or term | BUEsh |
| 9 (RLIN) | 36023 |
| 653 ## - INDEX TERM--UNCONTROLLED | |
| Resource For college | Humanities: English |
| Arrived date list | January2019 |
| 655 ## - INDEX TERM--GENRE/FORM | |
| Form subdivision | Reading book |
| 9 (RLIN) | 34232 |
| 700 1# - ADDED ENTRY--PERSONAL NAME | |
| Personal name | Islam, Carlos. |
| 9 (RLIN) | 41963 |
| 942 ## - ADDED ENTRY ELEMENTS (KOHA) | |
| Source of classification or shelving scheme | Dewey Decimal Classification |
| Koha item type | Book - Borrowing |
| Withdrawn status | Lost status | Source of classification or shelving scheme | Damaged status | Not for loan | Collection code | Home library | Current library | Shelving location | Date acquired | Source of acquisition | Cost, normal purchase price | Total Checkouts | Total Renewals | Full call number | Barcode | Date last seen | Date checked out | Cost, replacement price | Price effective from | Koha item type | Materials specified (bound volume or other part) |
|---|---|---|---|---|---|---|---|---|---|---|---|---|---|---|---|---|---|---|---|---|---|
| Dewey Decimal Classification | Central Library | Central Library | Second Floor | 06/09/2012 | 55.00 | 2 | 12 | 808.042 ZEM | 000002933 | 15/07/2025 | 07/02/2017 | 68.75 | 12/09/2006 | Book - Borrowing | |||||||
| Dewey Decimal Classification | Central Library | Central Library | Second Floor | 06/09/2012 | 55.00 | 5 | 6 | 808.042 ZEM | 000002932 | 11/06/2024 | 13/10/2011 | 68.75 | 12/09/2006 | Book - Borrowing | |||||||
| Lost | Dewey Decimal Classification | Central Library | Central Library | Second Floor | 06/09/2012 | 55.00 | 2 | 808.042 ZEM | 000002931 | 25/07/2010 | 68.75 | 12/09/2006 | Book - Borrowing | Lost In Inventory_2015-8-23 | |||||||
| Dewey Decimal Classification | Central Library | Central Library | Second Floor | 06/09/2012 | 55.00 | 1 | 808.042 ZEM | 000002930 | 15/07/2025 | 29/06/2009 | 68.75 | 12/09/2006 | Book - Borrowing | ||||||||
| Dewey Decimal Classification | Central Library | Central Library | Second Floor | 06/09/2012 | 55.00 | 2 | 808.042 ZEM | 000002929 | 15/07/2025 | 14/02/2011 | 68.75 | 12/09/2006 | NB - Book (Non borrowing) | ||||||||
| Dewey Decimal Classification | Central Library | Central Library | Second Floor | 12/09/2006 | 55.00 | 2 | 808.042 ZEM | 000002866 | 15/07/2025 | 68.75 | 30/10/2006 | Book - Borrowing |